000 00868nam a2200229 ar4500
001 1182
005 20221127090147.0
008 090310s xxua 00110|eng d
020 _a9780071259279(pbk) :`
_cNo price.
082 0 4 _a658.4032
_bH558 2008
100 1 _aHillier, Frederick S.
245 1 0 _aIntroduction to management science :
_ba modeling and case studies approach with spreadsheets /
_cF. Hillier, Mark. Hillier ; cases developed by Karl Schmedders, Molly Stephens.
250 _a3nd ed.
260 _aBoston, Mass. :
_bMcGraw-Hill,
_c2008.
300 _axxii, 602 p. :
_bill. ;
_c28 cm.
_e1 CD.
440 0 _aMcGraw-Hill/Irwin series in operations and decision sciences.
500 _aIncludes index.
650 4 _aManagement science.
650 4 _aOperations research.
650 4 _aManagement
_vCase studies.
700 0 _aHillier, Mark S.,
_ejt. atuh.
999 _c1181
_d1181